| 000 | 00509nam a2200169 4500 | ||
|---|---|---|---|
| 082 | 0 | 0 |
_a627.8 _bDES _cl22,P15 |
| 110 | 1 |
_aUnited States. _921185 |
|
| 245 | 1 | 0 | _aDesign of small dams. |
| 250 | _a2d ed. | ||
| 260 |
_a[Washington, _bU.S. Govt. Print. Off.] _c1973. |
||
| 300 |
_axxxviii, 816 p. _billus. _c27 cm. |
||
| 526 |
_a0 _b0 _c0 _d627_800000000000000_DES |
||
| 650 | 0 |
_aDams _xDesign and construction. _920078 |
|
| 650 | 0 |
_aMCE _9379 |
|
| 856 | _uhttp://172.25.8.12:8080/browse/book/109 | ||
| 942 |
_2ddc _cBK |
||
| 999 |
_c543071 _d543071 |
||